00559 a2200169 4500020002500000020002200025050002000047100003200067245014600099250001200245264003900257300001300296500002000309650002300329650002400352651001300376 a9788190926409 (pbk.) a8190926403 (pbk.)00aKSL171 SAH 20101 aSaha, Tushar Kanti.eauthor10aConstitution of Lesotho =bMolao oa motheo oa Lesotho : a text of comparative research study /cTushar Kanti Saha ; foreword by M.L. Lehohla. a1st ed. aKolkata :bR Cambray & CO.,c2010. a333 p. ; aIncludes index. 0aConstitutional law 7aConstitutional law. 7aLesotho.